| 000 | | | 03909nmc2a22000003x 450 |
| 001 | | | 054d2e1c-4092-4efb-b9dc-7a0ef1bc427f |
| 005 | | | 20210203184609.0 |
| 100 | ## | $a | 20190703l19111911k l0rusy0189 ca |
| 101 | 0# | $a | rus |
| 102 | ## | $a | RU |
| 200 | 1# | $a | Работы В.Н. Муравьева "Великодержавные задачи России и предстоящие выборы" (с перечнем рассматриваемых вопросов или глав: "Великодержавность", "Политика без народа", "Великодержавность и демократия", "Народ", "Интеллигенция" и другие, с вариантами и набросками) |
| | $j | 1911 г. |
| 251 | ## | $c | Дело |
| 300 | ## | $a | Творческие материалы Валериана Николаевича Муравьева (1885-1919) |
| 300 | ## | $a | Черновик-автограф, наброски, планы |
| 801 | #0 | $a | RU |
| | $b | РГИА |
| | $c | 20190703 |
| | $g | RCR |
| 801 | #1 | $a | RU |
| | $b | ГлавНИВЦ |
| | $c | 20190703 |
| | $2 | rusmarc |
| 801 | #2 | $a | RU |
| | $b | ПБ им. Б.Н. Ельцина |
| | $c | 20210203 |
| | $g | RCR |
| | $2 | rusmarc |
| 850 | ## | $a | РГИА |
| 852 | ## | $a | РГИА |
| | $e | Федеральное казенное учреждение "Российский государственный исторический архив" (РГИА) |
| | $j | 296 |
| 937 | ## | $h | РГИА |
| | $d | 12275605 |
| | $a | ASBIBLIO_SCAN |
| 462 | #0 | $1 | 001550f2e1e-efd2-42d6-8fd6-6c66e8002a35 |
| | $1 | 2001 |
| | $a | 1789-1919 гг. |
| | $1 | 251 |
| | $c | Опись |
| | $1 | 852 |
| | $j | 1 |
| 461 | #0 | $1 | 001e55ac5ec-b2ce-4102-abdd-bfb64c8f26c6 |
| | $1 | 2001 |
| | $a | Муравьевы |
| | $1 | 251 |
| | $c | Фонд |
| | $1 | 852 |
| | $j | 995 |
| 215 | ## | $a | 202 л. |
| | $d | 39х25 см |
| 371 | ## | $a | Документ не является опубликованным и широко распространяемым |
| 105 | ## | $a | y### |
| 122 | 2# | $a | d |
| 035 | ## | $a | 054d2e1c-4092-4efb-b9dc-7a0ef1bc427f |
| 856 | ## | $u | http://readingroom.main.prlib.ru/item.aspx?id_node=n156175145&mode=full |